فقير الله : (Record no. 25959)

MARC details
000 -الفاتح
حقل البيانات ثابتة الطول 01289nam a22003135a 4500
003 - محدد رقم الضبط
رقم الضبط EG-ScBUE
005 - وقت وتاريخ اخر تعامل مع التسجيلة
رقم الضبط 20211123115851.0
008 - عناصر البيانات ثابتة الطول - معلومات عامة
حقل البيانات ثابتة الطول 180120s1996 le f 000 f ara d
040 ## - مصدر الفهرسة
وكالة الفهرسة الأصلية EG-ScBUE
لغة الفهرسة ara
قواعد الوصف rda
وكالة النسخ EG-ScBUE
وكالة التعديل EG-ScBUE
041 1# - رمز اللغة
رمز لغة النص/ المسارات الصوتية أو العنوان الانفرادي ara
رمز لغة الترجمات و/او الاصلية المتوسطة للنص gre
082 04 - رقم تصنيف ديوى العشرى
رقم التصنيف 889.332
رقم المادة ك ا ز
رقم الطبعة 22
100 1# - المدخل الرئيسى - إسم شخصى
الإسم الشخصى كازانتزاكيس، نيكوس،
التواريخ المصاحبة للاسم 1883-1957،
الدور مؤلف.
245 10 - بيان العنوان
العنوان فقير الله :
بقية العنوان القديس فرانسيس الصقلي /
بيان المسئوليه,etc رواية نيكوس كازنتزاكيس ؛ ترجمة سهيل نجم.
246 34 - العنوان الموازى
عنوان صحيح/عنوان مختصر قديس فرانسيس :
بقية العنوان فقير الله القديس فرانسيس الصقلي
250 ## - بيان الطبعة
بيان الطبعة الطبعة الأولى.
264 #1 - النشر، التوزيع
مكان الناشر او الموزع بيروت :
اسم الناشر او الموزع دار الكنوز الأدبية،
تاريخ النشر أو التوزيع 1996.
300 ## - الوصف المادى
التعداد 392 صفحة ؛
أبعاد الوعاء 20 سم.
336 ## - نوع المحتوى
source rdacontent
Carrier Type Term نص
Content Type Code txt
337 ## - نوع الوسيط
source rdamedia
Media Type Term بدون وسيط
Media Type Code n
338 ## - نوع الحامل أو الناقل
source rdacarrier
Carrier Type Term مجلد
Carrier Type Code nc
490 0# - بيان السلسلة
عنوان السلسلة السلسلة الروائية ؛
رقم المجلد/ التعيين التسلسلي 1
546 ## - تبصرة اللغة
تبصرة اللغة النص باللغة العربية وتم ترجمته من اللغة اليونانية.
650 #7 - المدخل الاضافى بالموضوع-مصطلح موضوعى
مصطلح موضوعي أو اسم جغرافي كعنصر مدخل القصص اليونانية
التقسيم الفرعي الزمني قرن 20.
مصدر الرأس أو المصطلح BUEsh
651 ## - المدخل الاضافى بالموضوع - اسم جغرافى
مصدر الرأس أو المصطلح BUEsh
653 ## - مصطلح تكشيفى غير مقيد
Resource For college Humanities: English
Arrived date list January2018
655 ## - مصطلح تكشيفى-نوع/شكل
التقسيم الفرعي الشكلي Reading book
-- 34232
700 1# - المدخل الاضافى - اسم شخصى
الإسم الشخصى نجم، سهيل،
الدور مترجم.
942 ## - عناصر المدخل الإضافي( كوها)
مصدر التصنيف او مخطط الترفيف Dewey Decimal Classification
Holdings
حالة التراجع حالة الفقد مصدر التصنيف او خطة الترفيف حالة تلف ليس للاعارة مجموعات كوها المكان الدائم المكان الحالي موقع الترفيف تاريخ الاكتساب Source of acquisition رقم الاستدعاء الباركود Date last seen نوع الوعاء
    Dewey Decimal Classification     Baccah Central Library Central Library Second Floor 20/01/2018 Purchase 889.332 ك ا ز 000042852 15/07/2025 Book - Borrowing